Hotels and resorts planning, design and refurbishment
Saved in:
| Main Author: | |
|---|---|
| Format: | Book |
| Language: | English |
| Published: |
Oxford
Architectural Press
1995
|
| Subjects: | |
| Tags: |
No Tags, Be the first to tag this record!
|
MARC
| LEADER | 00000nam a2200000 4500 | ||
|---|---|---|---|
| 001 | c132745 | ||
| 005 | 20221123112443.0 | ||
| 020 | |a 0-7506-1861-2 | ||
| 041 | 0 | |a eng | |
| 044 | |a GB | ||
| 245 | 1 | 0 | |a Hotels and resorts |b planning, design and refurbishment |c Fred R. Lawson |
| 264 | 1 | |a Oxford |b Architectural Press |c 1995 | |
| 300 | |a 348 s. | ||
| 610 | 2 | 0 | |a hotely |
| 610 | 2 | 0 | |a ubytovanie |
| 610 | 2 | 0 | |a ruch cestovný |
| 610 | 2 | 0 | |a plánovanie |
| 610 | 2 | 0 | |a organizácia |
| 610 | 2 | 0 | |a marketing |
| 610 | 2 | 0 | |a náklady |
| 610 | 2 | 0 | |a hotelierstvo |
| 610 | 2 | 0 | |a stravovanie spoločné |
| 610 | 2 | 0 | |a zariadenia ubytovacie |
| 610 | 2 | 0 | |a zariadenia rekreačné |
| 610 | 2 | 0 | |a financie |
| 610 | 2 | 0 | |a administratíva |
| 610 | 2 | 0 | |a dovolenka |
| 100 | 1 | |a Lawson, Fred R. | |